| 000 | 00898nas a2200301 4500 | ||
|---|---|---|---|
| 001 | BR2016004331 | ||
| 003 | BR-BrBNA | ||
| 005 | 20231205130650.0 | ||
| 007 | ta | ||
| 008 | 230509b bl.|||p| |||| 00| 00por d | ||
| 040 |
_aBR-BrBNA _bpor _cBiblioteca Nacional de Agricultura |
||
| 041 | _a(En) | ||
| 072 | _aL10 | ||
| 100 | 1 | _aGarcia, R.R.F. | |
| 100 | 1 | _aVasconcelos, A.C.N. | |
| 100 | 1 | _aPovh, J.A. | |
| 100 | 1 | _aOberst, E.R. | |
| 100 | 1 | _aEloy, L.R. | |
| 100 | 1 | _aStreit Junior, D.P. | |
| 245 | 1 |
_aDifferent extenders solutions for tambaqui semen cooling _bNotas Científicas |
|
| 650 | _aCOLOSSOMA MACROPOMUM | ||
| 650 | _aTAMBAQUI | ||
| 650 | _aSÊMEN | ||
| 650 | _aESPERMATOZÓIDE | ||
| 773 | 0 |
_tPesquisa Agropecuária Brasileira (Brazil) _xISSN 0100-204X _g(Jun 2016), v. 51(6) p. 780-784 _wBR2016004331 |
|
| 909 |
_a202311 _bLúcia _c55 _dLúcia Elande |
||
| 942 |
_2AGRIS _n0 _cANA |
||
| 999 |
_c250605 _d250605 |
||